Odkladanie materstva na Slovensku v generačnej perspektíve
Hlavné faktory odkladania materstva. Generačný model odkladania plodnosti. Transformácia plodnosti odkladaním na Slovensku.
Saved in:
| Main Author: | |
|---|---|
| Other Authors: | |
| Format: | Book Chapter |
| Language: | Slovak |
| Subjects: | |
| Tags: |
No Tags, Be the first to tag this record!
|
MARC
| LEADER | 00000naa a2200000 4500 | ||
|---|---|---|---|
| 001 | 0248627 | ||
| 005 | 20221104112404.3 | ||
| 041 | 0 | |a slo | |
| 044 | |a SK | ||
| 245 | 1 | 0 | |a Odkladanie materstva na Slovensku v generačnej perspektíve |c Branislav Šprocha, Pavol Ďurček |
| 520 | |a Hlavné faktory odkladania materstva. Generačný model odkladania plodnosti. Transformácia plodnosti odkladaním na Slovensku. | ||
| 610 | 2 | 0 | |a Slovensko |
| 610 | 2 | 0 | |a vývoj populačný |
| 610 | 2 | 0 | |a plodnosť |
| 610 | 2 | 0 | |a vzdelanie |
| 610 | 2 | 0 | |a podmienky životné |
| 100 | 1 | |a Šprocha, Branislav | |
| 700 | 1 | |a Ďurček, Pavol | |